| 000 | 00606nam a2200217 i 4500 | ||
|---|---|---|---|
| 001 | 12648 | ||
| 003 | ES-MaACL | ||
| 005 | 20240531102432.0 | ||
| 007 | t| | ||
| 008 | 970915s1990 sp ||||1| spa d | ||
| 020 | _a84-86293-67-7 | ||
| 080 | _a070 Alvárez, Carlos | ||
| 100 | 1 |
_aÁlvarez, Carlos, _d1933-2022 _9142520 |
|
| 245 | 1 | 0 |
_aDe palabra y por escrito / _cCarlos Alvárez. |
| 260 |
_aMadrid : _bV.O.S.A, _cD.L. 1990. |
||
| 300 |
_a282 p. ; _c20 cm. |
||
| 490 | 1 | _aDocumentos | |
| 830 | 0 |
_aDocumentos _9177791 |
|
| 852 |
_aES-MaACL _jL-20129 _bR.118836 |
||
| 999 |
_c12648 _d12648 |
||